A Treasury of South African poetry and verse (Record no. 120741)
[ view plain ]
| 000 -LEADER | |
|---|---|
| fixed length control field | 01488cam a2200349Ka 4500 |
| 001 - CONTROL NUMBER | |
| control field | 8112819 |
| 003 - CONTROL NUMBER IDENTIFIER | |
| control field | ARRUPE |
| 005 - DATE AND TIME OF LATEST TRANSACTION | |
| control field | 20140612140022.0 |
| 006 - FIXED-LENGTH DATA ELEMENTS--ADDITIONAL MATERIAL CHARACTERISTICS--GENERAL INFORMATION | |
| fixed length control field | m d |
| 007 - PHYSICAL DESCRIPTION FIXED FIELD--GENERAL INFORMATION | |
| fixed length control field | cr bn||||||abp |
| 007 - PHYSICAL DESCRIPTION FIXED FIELD--GENERAL INFORMATION | |
| fixed length control field | cr bn||||||ada |
| 008 - FIXED-LENGTH DATA ELEMENTS--GENERAL INFORMATION | |
| fixed length control field | 100712s1907 enkc o 000 0 eng d |
| 035 ## - SYSTEM CONTROL NUMBER | |
| System control number | (OCoLC)ocn647261060 |
| 035 ## - SYSTEM CONTROL NUMBER | |
| System control number | (OCoLC)647261060 |
| 040 ## - CATALOGING SOURCE | |
| Original cataloging agency | OCLCE |
| Language of cataloging | eng |
| Transcribing agency | OCLCE |
| 049 ## - LOCAL HOLDINGS (OCLC) | |
| Holding library | ZCUA |
| 050 #4 - LIBRARY OF CONGRESS CALL NUMBER | |
| Classification number | PR9863 |
| Item number | .C7 |
| 082 04 - DEWEY DECIMAL CLASSIFICATION NUMBER | |
| Classification number | 821.08 |
| Item number | C885 |
| 300 ## - PHYSICAL DESCRIPTION | |
| Other physical details | port. ; |
| Dimensions | 19 cm. |
| 100 ## - MAIN ENTRY--PERSONAL NAME | |
| Personal name | Crouch, Edward H. |
| 9 (RLIN) | 10943 |
| 245 02 - TITLE STATEMENT | |
| Title | A Treasury of South African poetry and verse |
| Statement of responsibility, etc | Edward Heath Crouch. |
| Remainder of title | collected from various sources and arranged |
| 260 ## - PUBLICATION, DISTRIBUTION, ETC. (IMPRINT) | |
| Place of publication, distribution, etc | London : |
| Name of publisher, distributor, etc | W. Scott Pub. Co., |
| Date of publication, distribution, etc | 1907. |
| 300 ## - PHYSICAL DESCRIPTION | |
| Extent | xviii, [2], 278 p. : |
| 506 ## - RESTRICTIONS ON ACCESS NOTE | |
| Materials specified | Use copy |
| Standardized terminology for access restriction | Restrictions unspecified |
| Source of term | star |
| Institution to which field applies | MiAaHDL |
| 533 ## - REPRODUCTION NOTE | |
| Type of reproduction | Electronic reproduction. |
| Place of reproduction | [S.l.] : |
| Agency responsible for reproduction | HathiTrust Digital Library, |
| Date of reproduction | 2010. |
| 538 ## - SYSTEM DETAILS NOTE | |
| System details note | Master and use copy. Digital master created according to Benchmark for Faithful Digital Reproductions of Monographs and Serials, Version 1. Digital Library Federation, December 2002. |
| Uniform Resource Identifier | <a href="http://purl.oclc.org/DLF/benchrepro0212">http://purl.oclc.org/DLF/benchrepro0212</a> |
| 583 1# - ACTION NOTE | |
| Action | digitized |
| Time/date of action | 2010 |
| Jurisdiction | HathiTrust Digital Library |
| Status | committed to preserve |
| Source of term | pda |
| Institution to which field applies | MiAaHDL |
| 650 #0 - SUBJECT ADDED ENTRY--TOPICAL TERM | |
| Topical term or geographic name as entry element | South African poetry (English) |
| 9 (RLIN) | 10944 |
| 700 1# - ADDED ENTRY--PERSONAL NAME | |
| Personal name | Crouch, Edward Heath, |
| Relator term | comp. |
| 9 (RLIN) | 10945 |
| 776 1# - ADDITIONAL PHYSICAL FORM ENTRY | |
| Qualifying information | Original |
| Record control number | (OCoLC)10634579 |
| 856 40 - ELECTRONIC LOCATION AND ACCESS | |
| Materials specified | HathiTrust Digital Library |
| Uniform Resource Identifier | <a href="http://catalog.hathitrust.org/api/volumes/oclc/10634579.html">http://catalog.hathitrust.org/api/volumes/oclc/10634579.html</a> |
| 942 ## - ADDED ENTRY ELEMENTS (KOHA) | |
| Source of classification or shelving scheme | Library of Congress Classification |
| Koha item type | SPC |
| Withdrawn status | Lost status | Source of classification or shelving scheme | Damaged status | Not for loan | Collection code | Home library | Current library | Shelving location | Date acquired | Total Checkouts | Full call number | Barcode | Date last seen | Price effective from | Koha item type |
|---|---|---|---|---|---|---|---|---|---|---|---|---|---|---|---|
| Library of Congress Classification | SPECIAL Collection | ARRUPE LIBRARY | ARRUPE LIBRARY | Main Collection | 12/06/2014 | SPC PR9863 .C7 | 46500000518 | 12/06/2014 | 12/06/2014 | SPC |